| 000 | 00603nam a22002057a 4500 | ||
|---|---|---|---|
| 003 | OSt | ||
| 005 | 20130702114804.0 | ||
| 008 | 130529s2005 sp ||||| |||| 00| 0 spa d | ||
| 020 | _a8483066386 | ||
| 040 | _cCDMR | ||
| 100 | 1 |
_93563 _aApezarena, José |
|
| 245 | 1 | 0 |
_aPeriodismo al oído _b: los confidenciales : de las cartas manuscritas a Internet _cJosé Apezarena |
| 260 |
_aMadrid _bDebate _c2005 |
||
| 300 | _a316 p. | ||
| 490 | 0 | _aArena Abierta | |
| 650 | 0 | 4 |
_93087 _aSecret professional _xPeriodisme |
| 650 | 0 | 4 |
_93564 _aPeriodisme _xFonts d'informació |
| 650 | 0 | 4 |
_93901 _aRumor |
| 942 |
_2udc _cMON |
||
| 999 |
_c6347 _d6347 |
||